| 000 | 00562nam a2200169Ia 4500 | ||
|---|---|---|---|
| 008 | 090201s9999 xx 000 0 und d | ||
| 010 | _aKPL-13830 | ||
| 040 | _bमराठी | ||
| 041 | _aमराठी | ||
| 082 |
_a5616 _b13830 |
||
| 100 | _aदिनानाथ लाटे | ||
| 245 |
_aनच सुंदरी करू कोपा _cदिनानाथ लाटे |
||
| 260 |
_c1973 _bसुहास प्रकाशन |
||
| 300 |
_a220 _bमोठा |
||
| 600 | _aनच सुंदरी करू कोपा | ||
| 942 | _cBOOK | ||
| 999 |
_c206495 _d206495 |
||